|
|
|
|
| LEADER |
00989nam a22002537a 4500 |
| 001 |
37679 |
| 003 |
BD-DhAAL |
| 008 |
220210r20042002ii ||||| b||| 00| 0 eng d |
| 999 |
|
|
|c 43485
|d 43485
|
| 040 |
|
|
|a BD-DhAAL
|
| 082 |
|
|
|a 371.2008
|
| 100 |
|
|
|a Sharma, R. N.
|9 45681
|
| 245 |
|
|
|a Educational administration, management and organization /
|c R. N. Sharma
|
| 260 |
|
|
|a Delhi :
|b Surjeet Publications,
|c 2002 [reprinted 2004].
|
| 300 |
|
|
|a 376 pages :
|c 21 cm.
|
| 504 |
|
|
|a Includes bibliographical references (pages [371]-376].
|
| 526 |
|
|
|a BIED
|
| 541 |
|
|
|a Complimentary copy from BIED
|e 37679
|
| 650 |
|
|
|a School management and organization.
|9 45682
|
| 650 |
|
|
|a Educational leadership.
|9 45683
|
| 650 |
|
|
|a Education.
|9 45684
|
| 852 |
|
|
|a Ayesha Abed Library
|c BIED Collection
|
| 942 |
|
|
|2 ddc
|c BK
|
| 952 |
|
|
|0 0
|1 0
|2 ddc
|4 0
|6 371_200800000000000_SHA
|7 0
|9 69756
|a BRACUL
|b BRACUL
|c GEN
|d 2022-02-10
|e Complimentary copy from BIED
|l 0
|o 371.2008 SHA
|p 3010037679
|r 2022-02-10
|u 1
|w 2022-02-10
|y BK
|x BIED-1841
|